000 00528nam a2200181Ia 4500
003 GCL
008 140319s9999 xx 000 0 ara d
040 _aGCL /
_cGCL
082 0 4 _a630.62
_bح ص
100 1 _aحمدى هلال
245 1 0 _aصفحات من تاريخ الفلاح والارض /
_cحمدى هلال
300 _a53 ص
490 _aاخترنا للفلاح
_v0
650 0 4 _aالالات الزراعية
650 0 4 _aالزراعة - تاريخ
650 0 4 _aالزراعة - مصر
942 _2ddc
_cBK
999 _c50371
_d50371